| 000 | 01247cam a2200313Ka 4500 | ||
|---|---|---|---|
| 001 | 84207 | ||
| 005 | 20230410102148.0 | ||
| 008 | 081112s2007 dr 001 0 spa d | ||
| 035 | _a(OCoLC)ocn271240821 | ||
| 040 |
_aBNPHU _bspa _cBNPHU |
||
| 020 | _a9789945140224 | ||
| 020 | _a9945140221 | ||
| 035 | _a(OCoLC)271240821 | ||
| 050 | 1 | 4 |
_a118 PQ 7409 _bF981c 2007 |
| 082 | 0 | 0 | _aRD860.9 |
| 110 | 2 | _aFundación Joaquín Balaguer | |
| 245 | 1 | 0 | _aConcurso centenario Joaquín Balaguer (1906-2006) |
| 260 |
_aSanto Domingo : _bEditora Corripio, _c2007 |
||
| 300 |
_a343 p. ; _c23 cm. |
||
| 500 | _aPremios Concurso Centenario Joaquín Balaguer (1906-2006) | ||
| 505 | 1 | _aPresentación, 15 -- Los ensayos de Balaguer, 17 -- La poesía de Joaquín Balaguer, 51 -- Obra histâorica de Joaquín Balaguer, 97 -- El pensamiento político y la obra de Joaquín Balaguer, 135 -- Joaquín Balaguer: obra y pensamiento, 207 -- Conclusiones, 331 -- Biografías de los galardones, 337 -- Indice onomâastico, 339. | |
| 600 | 1 | 4 | _aBalaguer, Joaquín, 1906-2002 |
| 650 | 4 | _aLiteratura dominicana. | |
| 650 | 4 | _aLiteratura y política. | |
| 700 | 0 |
_aBlanco Díaz, Andrés _eCorrección |
|
| 942 |
_2lcc _cbk |
||
| 994 |
_aC0 _bDRFGD |
||
| 946 | _almm | ||
| 999 |
_c20260 _d20260 |
||